Statistiche per Regioni dei Paesi Europei #1

Clicka qui per fare il quiz!

Statistiche generali

  • Questo quiz è stato fatto 14 volte
  • Il punteggio medio è 6 su 12

Statistiche sulle risposte

HintAlbania% Corretto
11Tirana
100%
6Durazzo
93%
12Valona
79%
10Scutari
71%
7Elbasan
50%
3Berat
43%
1Alessio
29%
5Diber
29%
8Fier
29%
9Kukes
29%
4Coriza
21%
2Argirocastro
14%

Distribuzione punteggi

Percentile per numero di risposta

Percentuale di utenti per punteggio

I tuoi punteggi nel tempo

Non hai fatto questo quiz